000 00987naa a22002897u 4500
001 05723
003 HDC
007 cr bn ---aaaaa
008 210121s2009 xx a b 001 0 eng
040 _aHDC
100 _aJiménez-Colmenero, Francisco,
_eauthor
_95691
245 0 _aAdditives: Preservatives /
_cby Francisco Jiménez-Colmenero and José Blázquez Solana
260 _a[No Place] :
_b[publisher not identified],
_c2009
300 _a18 pages
336 _atext
_2rdacontent
337 _acomputer
_2rdamedia
338 _aonline resource
_2rdacarrier
500 _aOriginal from book
650 _aMeat industry
_92353
650 _aMeat product
_9382
650 _aMeat
_91368
700 _aSolana, José Blázquez,
_eauthor
_94051
856 _zRequest full-text at [email protected]
942 _2lcc
942 _cCHAP
942 _kEBCH 002835
999 _c3047
_d3047